000 00237nam a2200097Ia 4500
001 1165607
005 20250827011743.0
008 250824s9999 xx 000 0 und d
245 0 _aNE OKURSAN O OLURSUN
_cROBERT DIYANNI
260 _bANTRE
999 _c1165607
_d1165607